| 000 | 01847nam0a2200373 4500 | ||
|---|---|---|---|
| 001 | RU\NLR\BIBL_A\022668048 | ||
| 005 | 20260126160822.0 | ||
| 010 |
_a978-5-907705-96-8 _bрус. _9300 |
||
| 021 |
_aRU _bКН-П-25-061129 _9КН-П-25-5894 |
||
| 035 | _a(NLR Aleph) 022668048 | ||
| 090 |
_a13539534 _c13539534 |
||
| 100 | _a20251118d2025 k y0rusy50 ca | ||
| 101 | 0 |
_arus _ceng |
|
| 102 | _aRU | ||
| 105 | _aa z 000zy | ||
| 181 | 0 |
_ai3 _baxxe |
|
| 182 | 0 | _an | |
| 200 | 1 |
_aУ моего ребенка СДВГ _eпрактические советы для родителей _fДжейн Дэвис _gперевод с английского и редакция Я. А. Горбуновой |
|
| 203 |
_aТекст _bвизуальный _cнепосредственный |
||
| 210 |
_aМосква _c[б. и.] _aСанкт-Петербург _cДиалектика _d2025 |
||
| 215 |
_a174 с. _cтабл. _d24 |
||
| 300 | _aЗагл. и авт. ориг.: Parenting on the edge. A real-life guide to rasing kids with ADHD / Jane Davis | ||
| 454 | 0 |
_12001#$aParenting on the edge. A real-life guide to rasing kids with ADHD$fJane Davis _1700#1$aDavis$bJ.$gJane |
|
| 606 | 1 |
_aДети с синдромом дефицита внимания с гиперактивностью _xВоспитание в семье _2nlr_sh2 _3RU\NLR\AUTH\661576375 |
|
| 606 | 1 |
_aДети с синдромом дефицита внимания с гиперактивностью _xПсихологические исследования _2nlr_sh2 _3RU\NLR\AUTH\661492945 |
|
| 686 | 1 | _aЮ983 | |
| 686 | 1 | _aЮ948.2 | |
| 686 | 1 | _aЧ491.08 | |
| 700 | 1 |
_aДэвис _bДж. _gДжейн |
|
| 702 | 1 |
_aГорбунова _bЯ. А. _4340 |
|
| 942 | _cBOOK | ||
| 980 | _aNB | ||